Grammaire Progressive du Francais : Avec 400 Exercices. (Record no. 2859)

MARC details
005 - DATE AND TIME OF LATEST TRANSACTION
control field 20250529161004.0
020 ## - INTERNATIONAL STANDARD BOOK NUMBER
International Standard Book Number 978.2.09033858-4
082 ## - DEWEY DECIMAL CLASSIFICATION NUMBER
Classification number 415 GRE
100 ## - MAIN ENTRY--PERSONAL NAME
Author name GREGOIRE, M.
245 ## - TITLE STATEMENT
Title Grammaire Progressive du Francais : Avec 400 Exercices.
260 ## - PUBLICATION, DISTRIBUTION, ETC.
Place of publication, distribution, etc. Paris,
Name of publisher, distributor, etc. CLE International,
Date of publication, distribution, etc. 2004.
300 ## - PHYSICAL DESCRIPTION
Extent 159.: ill.; picture
Other physical details Index
Dimensions 26cm.
942 ## - ADDED ENTRY ELEMENTS (KOHA)
Source of classification or shelving scheme Dewey Decimal Classification
Koha item type Books
Holdings
Date last seen Total checkouts Full call number Barcode Cost, replacement price Price effective from Koha item type Lost status Source of classification or shelving scheme Damaged status Not for loan Withdrawn status Home library Current library Shelving location Date acquired Cost, normal purchase price
07/01/2025   415 GRE DOM0004621 135000.00 07/01/2025 Books   Dewey Decimal Classification       CBE Dodoma CBE Dodoma General Collection 01/28/2010 45000.00
05/29/2025   415 GRE 0000008781 71220.00 05/29/2025 Books   Dewey Decimal Classification       College of Business Education Main Library College of Business Education Main Library Special Reserve Collection 01/28/2010 23740.00